La Liga: 200+ Goal Contributions (2000-) - Statistics

General Stats
  • This quiz has been taken 22 times
  • The average score is 7 of 8
Answer Stats
Ranking Player Positions Nationality Matches Goals (assists) Periods Clubs % Correct
2 Cristiano Ronaldo MF, FW 292 311 (83) 2009-2018
100%
3 Karim Benzema FW 439 238 (106) 2009-2023
100%
1 Lionel Messi MF, FW 519 474 (191) 2004-2021
100%
5 Luis Suárez FW 258 178 (73) 2014-2022
100%
4 Antoine Griezmann MF, FW 530 198 (84) 2010-2025
94%
6 David Villa MF, FW 352 185 (46) 2003-2014
78%
7 Iago Aspas MF, FW 387 165 (64) 2012-2013, 2014-2025
67%
8 Aritz Aduriz FW 443 158 (46) 2002-2003, 2005-2020
56%
No matching quizzes found
Score Distribution
Percent of People with Each Score
Percentile by Number Answered
Your Score History
You have not taken this quiz